| 000 | 00389nam a2200169Ia 4500 | ||
|---|---|---|---|
| 005 | 20250423095228.0 | ||
| 008 | 250422s9999 xx 000 0 und d | ||
| 020 | _a978-964-367-351-2 | ||
| 050 | _aPE 1128 .E54/ | ||
| 245 | 0 | _aEnglish for the students of accounting | |
| 250 | _a2nd ed. | ||
| 260 | _aTahran | ||
| 260 | _c2009 | ||
| 300 | _a223 p | ||
| 650 | _aEnglish | ||
| 942 | _cBK | ||
| 999 |
_c29635 _d29635 |
||